|
|
|
|
| LEADER |
00963nam a22003257a 4500 |
| 001 |
30387 |
| 003 |
BD-DhAAL |
| 005 |
20151109124550.0 |
| 008 |
150906s1994 bg a|||| |||| 00| 0 eng d |
| 040 |
|
|
|a BD-DhAAL
|c BD-DhAAL
|
| 082 |
|
|
|2 22
|a 307.1412095492
|
| 999 |
|
|
|c 36078
|d 36078
|
| 999 |
|
|
|c 35442
|
| 999 |
|
|
|c 35442 | 35438 | 35438 | 35436 | 35435 | 35434 | 35433
|
| 999 |
|
|
|c 35438
|
| 999 |
|
|
|c 35438
|
| 999 |
|
|
|c 35436
|
| 999 |
|
|
|c 35435
|
| 999 |
|
|
|c 35434
|
| 999 |
|
|
|c 35433
|
| 245 |
|
|
|a BRAC report 1993
|
| 260 |
|
|
|a Dhaka :
|b BRAC,
|c 1994
|
| 300 |
|
|
|a 59 p. :
|b ill. ;
|c 28 cm.
|
| 541 |
|
|
|e 30387
|
| 610 |
|
|
|a BRAC
|9 14405
|
| 650 |
|
|
|a Rural Development
|z Bangladesh
|9 14406
|
| 710 |
|
|
|a BRAC
|9 14405
|
| 852 |
|
|
|a Ayesha Abed Library
|c BRAC Resource Section
|
| 942 |
|
|
|2 ddc
|c BK
|
| 952 |
|
|
|0 0
|1 0
|2 ddc
|4 0
|6 307_141209549200000_BRA
|7 0
|9 56694
|a BRACUL
|b BRACUL
|c BRS
|d 2015-11-09
|e BRAC
|l 0
|o 307.1412095492 BRA
|p 3010030387
|r 2015-11-09
|t 1
|w 2015-11-09
|y BK
|